General WWE Quiz - Statistics

General Stats
  • This quiz has been taken 166 times
  • The average score is 14 of 35
Answer Stats
Question Answer % Correct
Who is the active Chairman of the WWE Board of Directors? Mr. McMahon
95%
Who has the most WWE Chmapionship reigns? John Cena
91%
Who has the longest WWE Championship reign? Bruno Sammartino
70%
Who has won the most Royal Rumble matches? "Stone Cold" Steve Austin
58%
Who is the youngest WWE Champion of all time? Brock Lesnar
57%
Who was the first WWE Universal Champion? Finn Balor
57%
Who won the first WrestleMania Money in the Bank Ladder Match? Edge
55%
Who has the most eliminations in one single Royal Rumble match? Roman Reigns
53%
What two former Superstars were named the co-winners of the 1994 Royal Rumble? Bret Hart
51%
Who was the first Undisputed WWE Champion? Chris Jericho
50%
Who is the youngest World Heavyweight Champion of all time? Randy Orton
50%
What former World Heavyweight Champion is being metaphorically written out of the history books? Chris Benoit
48%
Who won the first Royal Rumble match? "Hacksaw" Jim Duggan
48%
Who has the most World Heavyweight Championship reigns? Edge
46%
What Superstar is the only one to win back-to-back Money in the Bank Ladder Matches? CM Punk
45%
Who has the most WWE Women's Championship reigns? (Hint: the original WWE Women's Championship.) Trish Stratus
45%
The Undertaker is 23-1 at WrestleMania. Out of all his opponents, he faced one whole faction at separate WrestleMania events. What faction was it? (hint: a faction is a group composing of three or more Superstars.) Evolution
44%
What two former Superstars were named the co-winners of the 1994 Royal Rumble? Lex Luger
44%
What two women have the most WWE Divas Championship reigns? AJ Lee
37%
Who has the longest WWE Divas Championshp reign? Nikki Bella
36%
Who has the most Intercontinental Championship reigns? Chris Jericho
34%
What two Superstars won the first two Money in the Bank Ladder Matches at the match's pay-per-view? Kane
34%
Who has the longest World Heavyweight Championship? Batista
33%
What team has the longest WWE Tag Team Championship reign? The New Day
33%
Who was the first women to win both the Raw and SmackDown Women's Championship? Alexa Bliss
32%
Who has the longest WWE Women's Championship reign? (Hint: the original WWE Women's Championship.) The Fabulous Moolah
25%
Who has the longest Intercontinental Championship reign? Honky Tonk Man
24%
What two Superstars won the first two Money in the Bank Ladder Matches at the match's pay-per-view? The Miz
22%
What two women have the most WWE Divas Championship reigns? Eve
14%
Who has the most United States Championship reigns under all banners? Ric Flair
12%
What team has the longest World Tag Team Championship reign? Demolition
11%
What team has the most World Tag Team Championship reigns? Edge and Christian
7%
Who has the longest United States Championship reign under all banners? Lex Luger
6%
What teams have the most WWE Tag Team Championship reigns? Justin Gabriel and Heath Slater
2%
What teams have the most WWE Tag Team Championship reigns? MNM
2%
No matching quizzes found
Score Distribution
Percent of People with Each Score
Percentile by Number Answered
Your Score History
You have not taken this quiz